000 00663 a2200217 4500
005 20250415114144.0
020 _a9788177541410
050 _aSF253
_bWIN 2014
100 _aWinton, Andrew L.
_eauthor
245 _aMilk and milk products /
_cAndrew L Winton and Kate Barber Winton
264 _aJodhpur :
_bAgrobios (India),
_c2014.
300 _a209 pages :
_billustrations
336 _2rdacontent
_atext
_btxt
337 _2rdamedia
_aunmediated
_bn
338 _2rdacarrier
_avolume
_bnc
500 _aIndia Reprint 2014
650 _aMilk
_xStandards
650 _aDairy
_xProducts
700 _aWinton, Kate Barber
_eauthor
942 _2lcc
_cBK
_h253
_iWIN
_kSF
999 _c6511
_d6511